| 000 | 00505nam a2200217Ia 4500 | ||
|---|---|---|---|
| 003 | 0100 | ||
| 008 | 130303s9999 xx 000 0 und d | ||
| 020 | _a0415939399 | ||
| 040 | _cARRUPELIB | ||
| 050 | _aBL43.E4A65 1998 | ||
| 100 | _aAllen, Douglas | ||
| 245 | _aMyth and religion in Mircea Eliade | ||
| 260 | _aNew York | ||
| 260 | _bRoutledge | ||
| 260 | _C1998 | ||
| 300 | _axix | ||
| 300 | _b 375 p. 23 cm. | ||
| 440 | _aTheorists of myth | ||
| 650 | _bAugustine, St | ||
| 942 |
_2lcc _01 |
||
| 999 |
_c62025 _d62025 |
||